000 01204nam a22003497a 4500
003 CHAP
005 20220329141309.0
008 971010s1982 r 00010 d
010 _a65974
011 _a66946
035 _a75931
040 _cCHAP
090 _aTesis
100 0 0 _aSegura Peralta, Angel Ariel.
_9103659
245 _aAplicación localizada de fósforo hasta saturación en un suelo de ando de la Sierra Tarasca
_b: trabajo de invernadero
260 _aChapingo, Méx. :
_bEl autor,
_c1982
300 _a116 h.
_b; láms. ; gráfs.
502 _aTesis (Ing. Agr. Esp en Suelos) -- UACH. Departamento de Suelos
590 _aALEPH
_b10
_c20130110
_lUCH01
_h1400
590 _aBATCH-UPD
_b10
_c20130110
_lUCH01
_h0736
590 _aBATCH-UPD
_b10
_c20130410
_lUCH01
_h0418
590 _aBATCH-UPD
_b10
_c20130914
_lUCH01
_h2016
590 _aCONVERSION
_b10
_c20130109
_lUCH01
_h1336
650 1 4 _aAndosoles.
_95631
650 1 4 _aSuelos
_xFósforo en.
_9110376
650 1 4 _aSuelos
_xMichoacán.
_9110433
901 _aBK
942 _cFOLL
949 _bBC
_cTES
_d-136657
_eTS1
_i75931
_si
949 _bBC
_cTES
_d-136658
_eTS2
_fc.2
_i75931
_si
949 _bZA
_cTESBD
_d-8934
_eTS1
_h249
_i75931
_si
999 _c65974
_d65974